000 00398nam a2200157Ia 4500
008 230718s9999 xx 000 0 und d
041 _aeng
082 _a005.678
_bMAR
100 _aMarrin C.
245 _aTeach Yourself VRML 2 In 21 Days
260 _c2004
_bTechmedia
300 _a479
365 _cRs.
_b210.00
700 _aMarrin C. & Campbell B.
906 _d053/14.04.2005
_cCOMP
_b42
999 _c310496
_d310496